[Event "Titled Tuesday intern op 12th Mar Early"]
[Site "Chess.com INT"]
[Date "2024.03.12"]
[Round "3"]
[White "Banzea, Alexandru Bogdan"]
[Black "Paragua, Megan Althea"]
[Result "1-0"]
[WhiteElo "2394"]
[BlackElo "1982"]
[PlyCount "51"]
[EventDate "2024.03.12"]
[EventType "swiss (blitz)"]
[EventRounds "11"]
[EventCountry "USA"]
[SourceTitle "CB12_2024"]
[SourceDate "2023.10.01"]
[SourceVersion "1"]
[SourceVersionDate "2023.10.01"]
[SourceQuality "1"]

1. d4 Nf6 2. Nc3 d5 3. Bf4 e6 4. e3 Be7 5. Bd3 0-0 6. Nf3 b6 7. 0-0 Bb7 8. Ne2 Nbd7 9. Ng3 c5 10. c3 Ne4 11. h4 f5 12. h5 Bf6 13. Bb5 a6 14. Bxd7 Qxd7 15. Ne5 Bxe5 16. Bxe5 Rae8 17. Nxe4 fxe4 18. f4 exf3 19. Rxf3 Rxf3 20. Qxf3 Rf8 21. Qg4 Qf7 22. Kh2 g6 23. Rf1 Qxf1 24. hxg6 Qf5 25. gxh7+ Kxh7 26. Qg7# 1-0

[Event "Titled Tuesday intern op 12th Mar Early"]
[Site "Chess.com INT"]
[Date "2024.03.12"]
[Round "6"]
[White "Paragua, Megan Althea"]
[Black "Bilan, Danila"]
[Result "0-1"]
[WhiteElo "1982"]
[BlackElo "2303"]
[PlyCount "104"]
[EventDate "2024.03.12"]
[EventType "swiss (blitz)"]
[EventRounds "11"]
[EventCountry "USA"]
[SourceTitle "CB12_2024"]
[SourceDate "2023.10.01"]
[SourceVersion "1"]
[SourceVersionDate "2023.10.01"]
[SourceQuality "1"]

1. e4 c6 2. d4 d5 3. exd5 cxd5 4. c4 Nf6 5. Nc3 Nc6 6. Nf3 Bg4 7. Be2 e6 8. c5 Be7 9. 0-0 0-0 10. Be3 b6 11. Qa4 Na5 12. b4 Nc4 13. Bxc4 dxc4 14. Ne5 Bf5 15. Rfd1 Nd5 16. Bd2 Bf6 17. Rac1 Bxe5 18. dxe5 Bd3 19. c6 a6 20. Qa3 b5 21. Be1 Nf4 22. g3 Ng6 23. f4 Qb6+ 24. Bf2 Qxc6 25. Na4 Be4 26. Nc5 Bh1 27. Kf1 Bg2+ 28. Ke2 Bd5 29. Qe3 a5 30. bxa5 Rxa5 31. Rd2 Rfa8 32. h4 Rxa2 33. h5 Ne7 34. g4 b4 35. f5 c3 36. Rxa2 Rxa2+ 37. Ke1 exf5 38. gxf5 Nxf5 39. Qg5 Qc8 40. e6 Bxe6 41. Rd1 Ra8 42. h6 Nxh6 43. Bd4 Nf5 44. Kf2 Nxd4 45. Rxd4 h6 46. Qe5 Qc6 47. Rd6 Ra2+ 48. Ke3 Qc8 49. Nxe6 fxe6 50. Rxe6 Ra8 51. Re7 Qf8 52. Qe6+ Kh8 0-1

[Event "Titled Tuesday intern op 12th Mar Early"]
[Site "Chess.com INT"]
[Date "2024.03.12"]
[Round "11"]
[White "Paragua, Megan Althea"]
[Black "Godoy, Carlos"]
[Result "1-0"]
[WhiteElo "1982"]
[BlackElo "2152"]
[PlyCount "67"]
[EventDate "2024.03.12"]
[EventType "swiss (blitz)"]
[EventRounds "11"]
[EventCountry "USA"]
[SourceTitle "CB12_2024"]
[SourceDate "2023.10.01"]
[SourceVersion "1"]
[SourceVersionDate "2023.10.01"]
[SourceQuality "1"]

1. e4 e6 2. d4 d5 3. Nd2 Nf6 4. e5 Nfd7 5. Bd3 c5 6. c3 Nc6 7. Ne2 Qb6 8. Nf3 f6 9. exf6 Nxf6 10. 0-0 cxd4 11. Nexd4 Nxd4 12. Nxd4 Bd6 13. Re1 0-0 14. b3 Bd7 15. Bb2 Rae8 16. c4 e5 17. Nc2 e4 18. Bf1 Ng4 19. Qxd5+ Be6 20. Qd4 Bxh2+ 21. Kh1 Be5 22. Qxb6 axb6 23. Bxe5 Nxe5 24. Kg1 Bf5 25. Nd4 Bg6 26. g3 Nf3+ 27. Nxf3 exf3 28. Bh3 h6 29. Be6+ Kh7 30. Bd5 Rd8 31. Re3 Bh5 32. Rd1 Rf6 33. Be4+ Kh8 34. Rxd8+ 1-0

[Event "Titled Tuesday intern op 12th Mar Early"]
[Site "Chess.com INT"]
[Date "2024.03.12"]
[Round "4"]
[White "Paragua, Megan Althea"]
[Black "Kozin, Yuri"]
[Result "1-0"]
[WhiteElo "1982"]
[BlackElo "2251"]
[PlyCount "83"]
[EventDate "2024.03.12"]
[EventType "swiss (blitz)"]
[EventRounds "11"]
[EventCountry "USA"]
[SourceTitle "CB12_2024"]
[SourceDate "2023.10.01"]
[SourceVersion "1"]
[SourceVersionDate "2023.10.01"]
[SourceQuality "1"]

1. e4 c5 2. Nf3 e6 3. Nc3 d6 4. d4 cxd4 5. Qxd4 a6 6. Bg5 Nf6 7. 0-0-0 Nc6 8. Qd2 h6 9. Bxf6 Qxf6 10. Na4 Qd8 11. h4 Be7 12. g4 b5 13. Nc3 Qa5 14. Kb1 Bb7 15. Bg2 Rd8 16. g5 h5 17. Nd4 g6 18. f4 0-0 19. Nxc6 Bxc6 20. Nd5 Qxd2 21. Nxe7+ Kg7 22. Rxd2 Bb7 23. f5 exf5 24. exf5 Bxg2 25. Rxg2 gxf5 26. Nxf5+ Kg6 27. Ne7+ Kg7 28. Rd1 Kh7 29. Nd5 Kg6 30. Rf2 Rfe8 31. Rf6+ Kg7 32. Nf4 Re7 33. Nxh5+ Kh7 34. Rh6+ Kg8 35. Nf6+ Kg7 36. h5 Rh8 37. Rxh8 Kxh8 38. b3 a5 39. Rxd6 Kg7 40. Rd8 Re1+ 41. Kb2 b4 42. Rg8# 1-0

[Event "Titled Tuesday intern op 13th Feb Early"]
[Site "Chess.com INT"]
[Date "2024.02.13"]
[Round "9"]
[White "Guzman Lozano, Campo Elias"]
[Black "Paragua, Megan Althea"]
[Result "0-1"]
[WhiteElo "1837"]
[BlackElo "1970"]
[PlyCount "104"]
[EventDate "2024.02.13"]
[EventType "swiss (blitz)"]
[EventRounds "11"]
[EventCountry "USA"]
[SourceTitle "CB08_2024"]
[SourceDate "2024.02.21"]
[SourceVersion "1"]
[SourceVersionDate "2024.02.21"]
[SourceQuality "1"]

1. Nf3 Nf6 2. b3 d5 3. Bb2 Nbd7 4. e3 e6 5. c4 Be7 6. Be2 0-0 7. 0-0 b6 8. d4 Bb7 9. Ne5 Nxe5 10. dxe5 Ne8 11. cxd5 Bxd5 12. Nc3 Bb7 13. Qc2 c5 14. Rad1 Qc8 15. Rd2 Nc7 16. Rb1 Nd5 17. Ne4 Nb4 18. Qd1 Bxe4 19. a3 Nc6 20. Rc1 Rd8 21. Bb5 Rxd2 22. Qxd2 Qc7 23. f3 Bg6 24. Qc3 h6 25. Rd1 Rd8 26. Rxd8+ Nxd8 27. Bd3 Bxd3 28. Qxd3 Nc6 29. f4 Qd8 30. Qxd8+ Nxd8 31. Kf2 Nc6 32. Bc3 Kf8 33. Ke2 c4 34. bxc4 Bxa3 35. Kd3 Bb4 36. Bb2 Ke7 37. g4 a5 38. h4 Bc5 39. e4 a4 40. f5 g6 41. Bc1 h5 42. gxh5 gxh5 43. Bb2 a3 44. Ba1 a2 45. Bb2 Kd7 46. Ba1 Ba3 47. Kc2 Bc5 48. Kd3 Bf2 49. Kc2 Bxh4 50. Kb3 Bg3 51. Kxa2 Bxe5 52. Bxe5 Nxe5 0-1

[Event "Titled Tuesday intern op 13th Feb Late"]
[Site "Chess.com INT"]
[Date "2024.02.13"]
[Round "7"]
[White "Mendes, Aaron Reeve"]
[Black "Paragua, Megan Althea"]
[Result "1-0"]
[WhiteElo "2309"]
[BlackElo "1970"]
[PlyCount "101"]
[EventDate "2024.02.13"]
[EventType "swiss (blitz)"]
[EventRounds "11"]
[EventCountry "USA"]
[SourceTitle "CB08_2024"]
[SourceDate "2024.02.21"]
[SourceVersion "1"]
[SourceVersionDate "2024.02.21"]
[SourceQuality "1"]

1. e4 c5 2. Nf3 d6 3. Bb5+ Bd7 4. Bxd7+ Qxd7 5. 0-0 Nf6 6. Re1 e6 7. c3 Be7 8. d4 cxd4 9. cxd4 d5 10. e5 Ne4 11. Nbd2 Nxd2 12. Bxd2 0-0 13. Rc1 Nc6 14. Rc3 Rfc8 15. a3 b5 16. Rd3 a5 17. Ng5 Bxg5 18. Bxg5 Ne7 19. Rh3 h6 20. Bf6 Kf8 21. Qh5 Ng8 22. Bxg7+ Kxg7 23. Rg3+ Kf8 24. Qg4 Ke7 25. Qh4+ Kf8 26. h3 Qd8 27. Qh5 Ke7 28. Ree3 Qf8 29. Ref3 Ke8 30. Rg4 Rc1+ 31. Kh2 Ra7 32. Rfg3 Ne7 33. Rg7 Rc8 34. R3g4 b4 35. axb4 axb4 36. b3 Rb7 37. Rh7 Nf5 38. f3 Rbc7 39. h4 Ke7 40. Rf4 Rc2 41. Rxf5 exf5 42. Qxf5 Qg8 43. Qf6+ Kf8 44. Qxh6+ Ke8 45. Rg7 Rxg2+ 46. Rxg2 Qf8 47. Qf6 Rc3 48. e6 fxe6 49. Qxe6+ Kd8 50. Rg8 Rc2+ 51. Kg3 1-0

[Event "Titled Tuesday intern op 13th Feb Late"]
[Site "Chess.com INT"]
[Date "2024.02.13"]
[Round "4"]
[White "Paragua, Megan Althea"]
[Black "Banerjee, Supratit"]
[Result "0-1"]
[WhiteElo "1970"]
[BlackElo "2137"]
[PlyCount "100"]
[EventDate "2024.02.13"]
[EventType "swiss (blitz)"]
[EventRounds "11"]
[EventCountry "USA"]
[SourceTitle "CB08_2024"]
[SourceDate "2024.02.21"]
[SourceVersion "1"]
[SourceVersionDate "2024.02.21"]
[SourceQuality "1"]

1. e4 e6 2. d4 d5 3. Nd2 dxe4 4. Nxe4 Nd7 5. Nf3 Ngf6 6. Bd3 c5 7. c3 cxd4 8. Nxd4 Nc5 9. Nxc5 Bxc5 10. Be3 0-0 11. 0-0 e5 12. Nc2 Bxe3 13. Nxe3 e4 14. Bc2 Qc7 15. Qe2 Be6 16. Rfd1 h6 17. h3 Rfe8 18. c4 Rac8 19. b3 Qc5 20. Rac1 Qg5 21. Kh1 Nh5 22. Rd4 Nf4 23. Qf1 f5 24. g3 Nh5 25. h4 Nxg3+ 26. fxg3 Qxe3 27. Qg1 Qf3+ 28. Qg2 Qe3 29. Rcd1 Bf7 30. Rd7 Bh5 31. Kh2 Bf3 32. Qf1 Bxd1 33. Qxd1 Qf2+ 34. Kh3 Qf3 35. Qd5+ Kh8 36. Kh2 Qe2+ 37. Kh3 Qxc2 38. Qf7 Rg8 39. Qxf5 Qe2 40. Re7 Rcf8 41. Qg6 Qf1+ 42. Kg4 Qf3+ 43. Kh3 Qf5+ 44. Qxf5 Rxf5 45. Rxe4 Rf2 46. Re7 Rxa2 47. Rxb7 a5 48. c5 Rc8 49. Rb5 a4 50. bxa4 Rxa4 0-1

[Event "Titled Tuesday intern op 13th Feb Early"]
[Site "Chess.com INT"]
[Date "2024.02.13"]
[Round "2"]
[White "Paragua, Megan Althea"]
[Black "Pourramezanali, Amirreza"]
[Result "0-1"]
[WhiteElo "1970"]
[BlackElo "2502"]
[PlyCount "62"]
[EventDate "2024.02.13"]
[EventType "swiss (blitz)"]
[EventRounds "11"]
[EventCountry "USA"]
[SourceTitle "CB08_2024"]
[SourceDate "2024.02.21"]
[SourceVersion "1"]
[SourceVersionDate "2024.02.21"]
[SourceQuality "1"]

1. e4 c6 2. d4 g6 3. Nc3 Bg7 4. Nf3 d6 5. Be2 Nf6 6. 0-0 0-0 7. h3 Nbd7 8. Be3 e5 9. dxe5 dxe5 10. Qd2 Qe7 11. Rad1 Nc5 12. Bg5 a5 13. Qe3 Re8 14. Rd2 b5 15. Rfd1 b4 16. Bxf6 Bxf6 17. Nb1 Ne6 18. Rd6 Nd4 19. Nxd4 exd4 20. R6xd4 Bxd4 21. Rxd4 c5 22. Rd5 Bb7 23. Rxc5 Qxe4 24. Qxe4 Rxe4 25. Bf1 Re1 26. Nd2 Rd8 27. Rc7 Rxd2 28. Rxb7 Rxc2 29. Rb5 Rxb2 30. Rxa5 Rbb1 31. Kh2 Rxf1 0-1

[Event "Titled Tuesday intern op 13th Feb Early"]
[Site "Chess.com INT"]
[Date "2024.02.13"]
[Round "7"]
[White "Paragua, Megan Althea"]
[Black "Rose, Felix"]
[Result "1-0"]
[WhiteElo "1970"]
[BlackElo "2091"]
[PlyCount "49"]
[EventDate "2024.02.13"]
[EventType "swiss (blitz)"]
[EventRounds "11"]
[EventCountry "USA"]
[SourceTitle "CB08_2024"]
[SourceDate "2024.02.21"]
[SourceVersion "1"]
[SourceVersionDate "2024.02.21"]
[SourceQuality "1"]

1. e4 e5 2. Nf3 Nc6 3. d4 exd4 4. Nxd4 Nf6 5. Nc3 Bb4 6. Nxc6 bxc6 7. Bd3 d5 8. exd5 cxd5 9. 0-0 0-0 10. Bg5 c6 11. Qf3 Bd6 12. h3 Rb8 13. Rab1 h6 14. Bh4 Be6 15. Ne2 Rb4 16. Bg3 Qb8 17. a3 Rb6 18. Bxd6 Qxd6 19. Nf4 Bd7 20. Qg3 Rfb8 21. b4 a5 22. c3 axb4 23. cxb4 Ra8 24. Bc2 Kf8 25. Ng6+ 1-0

[Event "Titled Tuesday intern op 23rd Jan Late"]
[Site "Chess.com INT"]
[Date "2024.01.23"]
[Round "7"]
[White "Paragua, Megan Althea"]
[Black "Van Baar, Esper"]
[Result "1-0"]
[WhiteElo "2006"]
[BlackElo "2184"]
[PlyCount "65"]
[EventDate "2024.01.23"]
[EventType "swiss (blitz)"]
[EventRounds "11"]
[EventCountry "USA"]
[SourceTitle "CB05_2024"]
[SourceDate "2024.01.31"]
[SourceVersion "1"]
[SourceVersionDate "2024.01.31"]
[SourceQuality "1"]

1. e4 c6 2. d4 d5 3. exd5 cxd5 4. c4 Nf6 5. Nc3 e6 6. Nf3 Bb4 7. Be2 0-0 8. 0-0 b6 9. a3 Be7 10. Ne5 Bb7 11. Bf3 Qc8 12. cxd5 Nxd5 13. Nxd5 Bxd5 14. Bxd5 exd5 15. Be3 Nd7 16. Rc1 Qb7 17. Qf3 Nxe5 18. dxe5 Rac8 19. Rcd1 Rfd8 20. Qg4 Qd7 21. Qg3 Bc5 22. Bd4 Bxd4 23. Rxd4 Rc4 24. Rd3 Qf5 25. h3 h5 26. Rf3 Qe4 27. Qg5 Re8 28. Qxh5 Re7 29. Rd1 Qxe5 30. Rf5 Qe2 31. Rfxd5 Qxh5 32. Rxh5 Re2 33. Rd8+ 1-0

[Event "Titled Tuesday intern op 16th Jan Early"]
[Site "Chess.com INT"]
[Date "2024.01.16"]
[Round "9"]
[White "Franchini, Gabriele"]
[Black "Paragua, Megan Althea"]
[Result "1-0"]
[WhiteElo "2173"]
[BlackElo "2006"]
[PlyCount "83"]
[EventDate "2024.01.16"]
[EventType "swiss (blitz)"]
[EventRounds "11"]
[EventCountry "USA"]
[SourceTitle "CB04_2024"]
[SourceDate "2023.10.16"]
[SourceVersion "1"]
[SourceVersionDate "2023.10.16"]
[SourceQuality "1"]

1. e4 c5 2. Nc3 d6 3. f4 Nf6 4. Nf3 e6 5. d4 cxd4 6. Nxd4 a6 7. Be3 Be7 8. a4 Qc7 9. Be2 Bd7 10. 0-0 0-0 11. Bf3 Nc6 12. Nb3 b6 13. Qd2 Rac8 14. Qf2 Rb8 15. g4 b5 16. g5 Ne8 17. a5 f5 18. exf5 Rxf5 19. Be4 Rf8 20. Qh4 g6 21. Rf3 Ng7 22. Rh3 Nh5 23. Bf3 e5 24. Bg4 exf4 25. Bb6 Qc8 26. Bxd7 Qxd7 27. Nd5 Bd8 28. Re1 Bxb6+ 29. axb6 Qf7 30. Nf6+ Nxf6 31. gxf6 Rbe8 32. Rf1 Ne5 33. Rxf4 Re6 34. Nd4 Ree8 35. Qg5 Nc4 36. Rfh4 Re5 37. Qh6 Re1+ 38. Kf2 Qxf6+ 39. Kxe1 Qf2+ 40. Kd1 Ne3+ 41. Qxe3 Qf1+ 42. Qe1 1-0

[Event "Titled Tuesday intern op 16th Jan Early"]
[Site "Chess.com INT"]
[Date "2024.01.16"]
[Round "1"]
[White "Matinian, Nikita"]
[Black "Paragua, Megan Althea"]
[Result "1-0"]
[WhiteElo "2418"]
[BlackElo "2006"]
[PlyCount "57"]
[EventDate "2024.01.16"]
[EventType "swiss (blitz)"]
[EventRounds "11"]
[EventCountry "USA"]
[SourceTitle "CB04_2024"]
[SourceDate "2023.10.16"]
[SourceVersion "1"]
[SourceVersionDate "2023.10.16"]
[SourceQuality "1"]

1. e4 c5 2. Nc3 d6 3. f4 Nf6 4. Nf3 e6 5. b3 Be7 6. Bb2 0-0 7. Be2 Nc6 8. 0-0 d5 9. e5 Nd7 10. Qe1 f6 11. Qg3 a6 12. Rae1 b5 13. a4 b4 14. Nd1 Qc7 15. Nf2 Bb7 16. exf6 Bxf6 17. Bxf6 Nxf6 18. Bd3 Rae8 19. Ng5 Bc8 20. Ng4 Nxg4 21. Bxh7+ Kh8 22. Qxg4 Rf6 23. Bg6 Rxg6 24. Qh5+ Kg8 25. Qxg6 Qd7 26. Qh7+ Kf8 27. f5 e5 28. f6 g6 29. Qh8# 1-0

[Event "Titled Tuesday intern op 16th Jan Late"]
[Site "Chess.com INT"]
[Date "2024.01.16"]
[Round "10"]
[White "Paragua, Megan Althea"]
[Black "Acosta Cruz, Oscar Yosimar"]
[Result "1-0"]
[WhiteElo "2006"]
[BlackElo "2098"]
[PlyCount "107"]
[EventDate "2024.01.16"]
[EventType "swiss (blitz)"]
[EventRounds "11"]
[EventCountry "USA"]
[SourceTitle "CB04_2024"]
[SourceDate "2023.10.16"]
[SourceVersion "1"]
[SourceVersionDate "2023.10.16"]
[SourceQuality "1"]

1. d4 d5 2. Nf3 Nf6 3. e3 Bf5 4. Be2 e6 5. 0-0 Bd6 6. b3 Nbd7 7. Bb2 c6 8. Nbd2 Qc7 9. c4 h5 10. c5 Be7 11. b4 Ne4 12. Nxe4 Bxe4 13. Ne5 Nxe5 14. dxe5 h4 15. f3 Bg6 16. f4 Be4 17. Bd3 Bxd3 18. Qxd3 0-0-0 19. a4 g5 20. f5 g4 21. fxe6 fxe6 22. Rf7 Rdf8 23. Raf1 Qd8 24. Qg6 Rxf7 25. Rxf7 Re8 26. Qxe6+ Kb8 27. Qxg4 Rg8 28. Qf5 Bg5 29. Bd4 a6 30. e6 h3 31. g3 Be7 32. Qxh3 a5 33. Qh7 Re8 34. Bf6 Bxf6 35. Rxb7+ Kc8 36. Ra7 Re7 37. Ra8+ Kc7 38. Rxd8 Rxh7 39. Ra8 Kb7 40. Rf8 Be7 41. Rf4 axb4 42. Rxb4+ Ka6 43. Rb6+ Ka5 44. Rxc6 Kxa4 45. Rc7 Kb5 46. Kg2 Kc4 47. g4 Kd3 48. Rd7 Ke4 49. c6 Rg7 50. h3 Ke5 51. c7 Rg8 52. Rxe7 Kd6 53. Rd7+ Kxe6 54. Rd8 1-0

[Event "Titled Tuesday intern op 16th Jan Early"]
[Site "Chess.com INT"]
[Date "2024.01.16"]
[Round "4"]
[White "Paragua, Megan Althea"]
[Black "Asylov, Miras"]
[Result "0-1"]
[WhiteElo "2006"]
[BlackElo "2288"]
[PlyCount "98"]
[EventDate "2024.01.16"]
[EventType "swiss (blitz)"]
[EventRounds "11"]
[EventCountry "USA"]
[SourceTitle "CB04_2024"]
[SourceDate "2023.10.16"]
[SourceVersion "1"]
[SourceVersionDate "2023.10.16"]
[SourceQuality "1"]

1. e4 g6 2. d4 Nf6 3. Nc3 d5 4. e5 Ne4 5. Nxe4 dxe4 6. c4 Bg7 7. Be3 0-0 8. Qc2 c5 9. Ne2 Nc6 10. Qd2 cxd4 11. Nxd4 Nxe5 12. Be2 Nd3+ 13. Bxd3 exd3 14. Nb3 e5 15. 0-0 f5 16. Bc5 Re8 17. Rad1 e4 18. Rfe1 Be6 19. Bb4 Bxc4 20. Na5 Bd5 21. Nb3 Rc8 22. Rc1 Qd7 23. Nc5 Qf7 24. b3 Rc6 25. Na4 Rec8 26. Rxc6 Rxc6 27. Rc1 Qc7 28. Rxc6 Qxc6 29. h3 Qc2 30. Qf4 Qc8 31. Qd6 Bf7 32. g3 b6 33. Qe7 Bf8 34. Qxf8+ Qxf8 35. Bxf8 Kxf8 36. Kf1 Ke7 37. Ke1 Kd6 38. Kd2 Ke5 39. Nb2 Kd4 40. Nd1 g5 41. Nc3 a6 42. Na4 b5 43. Nc3 f4 44. gxf4 gxf4 45. Nd1 Bh5 46. Nb2 e3+ 47. fxe3+ fxe3+ 48. Kc1 Kc3 49. Kb1 e2 0-1

[Event "Titled Tuesday intern op 16th Jan Late"]
[Site "Chess.com INT"]
[Date "2024.01.16"]
[Round "5"]
[White "Paragua, Megan Althea"]
[Black "Dovbnia, Nikita"]
[Result "1-0"]
[WhiteElo "2006"]
[BlackElo "1941"]
[PlyCount "69"]
[EventDate "2024.01.16"]
[EventType "swiss (blitz)"]
[EventRounds "11"]
[EventCountry "USA"]
[SourceTitle "CB04_2024"]
[SourceDate "2023.10.16"]
[SourceVersion "1"]
[SourceVersionDate "2023.10.16"]
[SourceQuality "1"]

1. d4 Nf6 2. Nf3 b6 3. g3 Bb7 4. Bg2 e6 5. 0-0 g6 6. c4 Bg7 7. Nc3 d6 8. Re1 Ne4 9. Qc2 Nxc3 10. Qxc3 0-0 11. b3 c5 12. Bb2 Nc6 13. Qd2 Qe7 14. Rad1 Rad8 15. d5 exd5 16. cxd5 Ne5 17. Nxe5 Bxe5 18. Bxe5 Qxe5 19. f4 Qe7 20. e4 f6 21. Re3 Rde8 22. Rde1 Bc8 23. e5 fxe5 24. fxe5 dxe5 25. d6 Qg7 26. Bc6 Bd7 27. Bxd7 Qxd7 28. Rxe5 Rxe5 29. Rxe5 Rf6 30. Qd5+ Kf8 31. Qa8+ Kf7 32. Re7+ Qxe7 33. dxe7 Kxe7 34. Qxa7+ Ke6 35. Qxb6+ 1-0

[Event "Titled Tuesday intern op 16th Jan Early"]
[Site "Chess.com INT"]
[Date "2024.01.16"]
[Round "6"]
[White "Paragua, Megan Althea"]
[Black "Kononenko, Dmitry1"]
[Result "0-1"]
[WhiteElo "2006"]
[BlackElo "2251"]
[PlyCount "150"]
[EventDate "2024.01.16"]
[EventType "swiss (blitz)"]
[EventRounds "11"]
[EventCountry "USA"]
[SourceTitle "CB04_2024"]
[SourceDate "2023.10.16"]
[SourceVersion "1"]
[SourceVersionDate "2023.10.16"]
[SourceQuality "1"]

1. e4 d5 2. exd5 Qxd5 3. Nc3 Qa5 4. Bc4 Nf6 5. Nge2 c5 6. 0-0 Nc6 7. d3 Bg4 8. f3 Bh5 9. Ng3 Bg6 10. f4 e6 11. Bd2 Qc7 12. f5 exf5 13. Nxf5 Bxf5 14. Rxf5 0-0-0 15. Rf1 Nd4 16. Bf4 Bd6 17. Bxd6 Rxd6 18. Qe1 Rd7 19. Rc1 Re8 20. Qh4 Rde7 21. Kh1 Kb8 22. h3 h5 23. Rxf6 gxf6 24. Nd5 Qd6 25. Nxe7 Rxe7 26. Re1 Nf5 27. Qf2 Ng3+ 28. Kg1 Rxe1+ 29. Qxe1 a6 30. Qf2 h4 31. Bxf7 Qe5 32. Bc4 Qxb2 33. Qe1 Qd4+ 34. Kh2 Qf4 35. Kg1 Ka7 36. Bb3 Nf5 37. Qf2 Qe5 38. c3 Ng3 39. Bc4 b6 40. d4 Qe4 41. Bf1 cxd4 42. cxd4 f5 43. d5 Qxd5 44. Qe3 Qc5 45. Qxc5 bxc5 46. Bc4 Kb6 47. Kf2 a5 48. Ke3 Kc6 49. Kf4 Kd6 50. Kg5 Ke5 51. Kxh4 Ne4 52. g4 f4 53. g5 f3 54. g6 Kf6 55. Kg4 f2 56. Kf3 Nd2+ 57. Kxf2 Nxc4 58. Ke2 Kxg6 59. Kd3 Nb6 60. Ke4 c4 61. Kd4 Kh5 62. a4 Kh4 63. Kc5 c3 64. Kxb6 c2 65. Kxa5 c1Q 66. Kb6 Qc8 67. a5 Qa8 68. a6 Kxh3 69. a7 Kg4 70. Ka6 Kf5 71. Kb6 Ke6 72. Ka6 Kd7 73. Kb6 Kc8 74. Ka6 Qb7+ 75. Ka5 Qxa7+ 0-1

[Event "Titled Tuesday intern op 16th Jan Early"]
[Site "Chess.com INT"]
[Date "2024.01.16"]
[Round "7"]
[White "Quirke, Jeffrey"]
[Black "Paragua, Megan Althea"]
[Result "1/2-1/2"]
[WhiteElo "1986"]
[BlackElo "2006"]
[PlyCount "130"]
[EventDate "2024.01.16"]
[EventType "swiss (blitz)"]
[EventRounds "11"]
[EventCountry "USA"]
[SourceTitle "CB04_2024"]
[SourceDate "2023.10.16"]
[SourceVersion "1"]
[SourceVersionDate "2023.10.16"]
[SourceQuality "1"]

1. e4 c5 2. c3 Nf6 3. e5 Nd5 4. Nf3 Nc6 5. Bc4 Nb6 6. Bb3 d6 7. exd6 Qxd6 8. 0-0 g6 9. a4 a5 10. Na3 Bg7 11. Nb5 Qd8 12. d3 0-0 13. Re1 Bg4 14. h3 Bxf3 15. Qxf3 e6 16. Bf4 e5 17. Be3 Qe7 18. Rad1 Rad8 19. d4 cxd4 20. Bxd4 Nxd4 21. cxd4 Qb4 22. dxe5 Nxa4 23. Bxf7+ Rxf7 24. Rxd8+ Bf8 25. Qe2 Nxb2 26. e6 Re7 27. Red1 Nc4 28. Nd4 Qc5 29. Nf3 a4 30. Rc1 b5 31. Rd7 a3 32. Rxe7 Bxe7 33. Qc2 Qd6 34. Qb3 Qa6 35. Nd4 a2 36. Ra1 Bf6 37. Rxa2 Qd6 38. Nxb5 Qxe6 39. Kh2 Be5+ 40. g3 Qd5 41. Nc3 Qc5 42. Ra8+ Kg7 43. Qb7+ Kh6 44. Qf3 Qd4 45. Rf8 Qxc3 46. Qxc3 Bxc3 47. Rc8 Bd4 48. Rxc4 Bxf2 49. Rf4 Bd4 50. Kg2 Be5 51. Rf3 Bg7 52. Rd3 Be5 53. Kf3 Bf6 54. h4 g5 55. hxg5+ Kxg5 56. g4 Kg6 57. Rd5 h6 58. Kg3 Bg5 59. Kf3 Kf6 60. Ke4 Ke6 61. Rxg5 hxg5 62. Kd4 Kd6 63. Ke4 Ke6 64. Kd4 Kd6 65. Ke4 Ke6 1/2-1/2

[Event "New York qual"]
[Site "New York"]
[Date "2023.07.10"]
[Round "9"]
[White "Pagan, Jonathan"]
[Black "Paragua, Megan Althea"]
[Result "1-0"]
[WhiteElo "2013"]
[BlackElo "1904"]
[PlyCount "53"]
[EventDate "2023.07.06"]
[EventType "tourn"]
[EventRounds "9"]
[EventCountry "USA"]
[SourceTitle "EXT 2024"]
[Source "ChessBase"]
[SourceDate "2023.10.10"]
[SourceVersion "1"]
[SourceVersionDate "2023.10.10"]
[SourceQuality "1"]

1. d4 Nf6 2. c4 e6 3. Nf3 d5 4. g3 Be7 5. Bg2 0-0 6. 0-0 dxc4 7. Qc2 a6 8. a4 Nc6 9. Qxc4 Qd5 10. Nbd2 Rb8 11. e3 b6 12. b3 Bb7 13. Bb2 Rfd8 14. Rfd1 Qxc4 15. Nxc4 Nb4 16. Ba3 Nbd5 17. Bxe7 Nxe7 18. a5 Ned5 19. Rdc1 Ne4 20. Ne1 Nd6 21. Ne5 Nb5 22. Kf1 Ndc3 23. axb6 Bxg2+ 24. Kxg2 Rxb6 25. Nc4 Rbb8 26. Rxa6 Rd5 27. Nd3 1-0

[Event "New York qual"]
[Site "New York"]
[Date "2023.07.09"]
[Round "7"]
[White "Nasta, Kiren Vivek"]
[Black "Paragua, Megan Althea"]
[Result "1-0"]
[WhiteElo "2008"]
[BlackElo "1904"]
[PlyCount "69"]
[EventDate "2023.07.06"]
[EventType "tourn"]
[EventRounds "9"]
[EventCountry "USA"]
[SourceTitle "EXT 2024"]
[Source "ChessBase"]
[SourceDate "2023.10.10"]
[SourceVersion "1"]
[SourceVersionDate "2023.10.10"]
[SourceQuality "1"]

1. e4 c5 2. Nf3 d6 3. d4 cxd4 4. Nxd4 Nf6 5. Nc3 a6 6. Be2 e5 7. Nb3 Be6 8. f4 Be7 9. f5 Bd7 10. Bg5 Bc6 11. Bxf6 Bxf6 12. Qd3 Be7 13. 0-0-0 Nd7 14. Kb1 0-0 15. g4 h6 16. Qg3 Bh4 17. Qh3 Be7 18. Bc4 Nf6 19. Qg2 Nh7 20. Nd2 Rc8 21. Bb3 b5 22. Nf3 b4 23. Nd5 Bxd5 24. Bxd5 Ng5 25. Ne1 Nh7 26. Qe2 a5 27. Ng2 Bh4 28. Qa6 Be7 29. h4 Kh8 30. Rh3 Rc5 31. Rdh1 g5 32. hxg5 Bxg5 33. Ne3 f6 34. Nc4 Rc7 35. b3 1-0

[Event "New York qual"]
[Site "New York"]
[Date "2023.07.08"]
[Round "4"]
[White "Ho, Carter"]
[Black "Paragua, Megan Althea"]
[Result "1-0"]
[WhiteElo "1917"]
[BlackElo "1904"]
[PlyCount "119"]
[EventDate "2023.07.06"]
[EventType "tourn"]
[EventRounds "9"]
[EventCountry "USA"]
[SourceTitle "EXT 2024"]
[Source "ChessBase"]
[SourceDate "2023.10.10"]
[SourceVersion "1"]
[SourceVersionDate "2023.10.10"]
[SourceQuality "1"]

1. e4 c5 2. Nf3 d6 3. d4 cxd4 4. Nxd4 Nf6 5. Nc3 a6 6. f3 e5 7. Nb3 Be6 8. Be3 Be7 9. Qd2 0-0 10. 0-0-0 Nbd7 11. g4 b5 12. g5 Nh5 13. Nd5 Bxd5 14. exd5 f6 15. g6 hxg6 16. Na5 Qe8 17. Rg1 f5 18. Nc6 Kh7 19. Qg2 Bd8 20. Bd3 Bb6 21. Bxb6 Nxb6 22. Ne7 Rf6 23. Nxg6 Qxg6 24. Qxg6+ Rxg6 25. Bxf5 Nf4 26. Rxg6 Nxg6 27. Rg1 Rf8 28. Bxg6+ Kg8 29. Be4 Rf6 30. b3 Rh6 31. Rg2 Kf7 32. Kb2 Nd7 33. Ka3 Nc5 34. Kb4 Nb7 35. a4 bxa4 36. Kxa4 Rh8 37. b4 Rc8 38. Bd3 Ra8 39. c3 a5 40. Kb5 axb4 41. cxb4 Nd8 42. Kb6 Kf8 43. Kc7 Nf7 44. b5 Ra3 45. Bg6 Rc3+ 46. Kd7 Rb3 47. Bxf7 Kxf7 48. Kc6 Rc3+ 49. Kxd6 Rb3 50. Kc5 Rc3+ 51. Kb6 Rd3 52. Kc6 Rc3+ 53. Kb7 Rc5 54. b6 Rxd5 55. Kc6 Rd1 56. Rb2 Rc1+ 57. Kb5 Rc8 58. b7 Rh8 59. Ka6 Rb8 60. Ka7 1-0